[Event "Lightning Chess For The Intermediate Player"]
[Site "SchemingMind.com"]
[Date "2013.03.19"]
[Round "-"]
[White "emvarela"]
[Black "kenneth m day"]
[Result "1-0"]
[WhiteCountry "ARG"]
[BlackCountry "USA"]
[WhiteElo "1761"]
[WhiteRD "48"]
[BlackElo "1768"]
[BlackRD "51"]
[GameID "328613"]

1. e4 g6 2. d4 Bg7 3. Nc3 d6 4. f4 Nf6 5. Nf3 O-O 6. Bd3 c5 7. dxc5 dxc5 8. e5 Nh5 9. Be3 Qa5 10. O-O Nc6
11. Ne4 Bg4 12. h3 Be6 13. Nxc5 Nxf4 14. Nxe6 Nxe6 15. Qe2 Nxe5 16. Nxe5 Qxe5 17. c3 Qd6 18. Be4 Nc5 19. Rad1 Qe5 20. Bxc5 Qxc5+
21. Kh1 Rab8 22. Rd5 Qc7 23. Rfd1 f5 24. Rd7 Qb6 25. Bd5+ Kh8 26. Qxe7 Qf6 27. Qxf6 Bxf6 28. Bxb7 Rfe8 29. Bc6 Re6 30. Ba4 Rxb2
31. Rxa7 Rb8 32. Bb3 Re3 33. Rdd7 Re1+ 34. Kh2 Re7 35. Rxe7 Bxe7 36. Rxe7 Rc8 37. c4
1-0

[Event "Lightning Chess For The Intermediate Player"]
[Site "SchemingMind.com"]
[Date "2013.03.19"]
[Round "-"]
[White "kenneth m day"]
[Black "emvarela"]
[Result "1-0"]
[WhiteCountry "USA"]
[BlackCountry "ARG"]
[WhiteElo "1791"]
[WhiteRD "48"]
[BlackElo "1765"]
[BlackRD "48"]
[GameID "328614"]

1. e4 e5 2. Nf3 Nc6 3. c3 Nf6 4. d4 Nxe4 5. d5 Ne7 6. Nxe5 f6 7. Nf3 d6 8. Qa4+ Bd7 9. Qxe4 c6 10. Bc4 c5
11. Bf4 Qc7 12. Nbd2 O-O-O 13. Qc2 Bf5 14. Qa4 a6 15. O-O Bd7 16. Qc2 b5 17. Bd3 g5 18. Bg3 h5 19. h4 g4 20. Ne1 Nxd5
21. c4 Nb4 22. Qc3 Nxd3 23. Nxd3 Be7 24. cxb5 Bxb5 25. a4 Bxd3 26. Qxd3 Qc6 27. Rfe1 Rd7 28. Nc4 d5 29. Na5 Qb6 30. b4 cxb4
31. Rac1+ Bc5 32. Nb3
1-0

[Event "Lightning Chess For The Intermediate Player"]
[Site "SchemingMind.com"]
[Date "2013.03.21"]
[Round "-"]
[White "Scooter"]
[Black "emvarela"]
[Result "0-1"]
[WhiteCountry "USA"]
[BlackCountry "ARG"]
[WhiteElo "1748"]
[WhiteRD "50"]
[BlackElo "1779"]
[BlackRD "51"]
[GameID "328759"]

1. d4 Nf6 2. Nf3 e6 3. Bg5 c5 4. e3 Qb6 5. b3 Ne4 6. Bf4 d5 7. c4 cxd4 8. Nxd4 Qb4+ 9. Nd2 Nxd2 10. Qxd2 Qxd2+
11. Kxd2 Bb4+ 12. Kc2 Nc6 13. Nb5 O-O 14. Nc7 Rb8 15. cxd5 exd5 16. Nxd5 Bf5+ 17. Kb2 Rbd8 18. Nxb4 Nxb4 19. Ka3 Nc2+
0-1

[Event "Lightning Chess For The Intermediate Player"]
[Site "SchemingMind.com"]
[Date "2013.03.18"]
[Round "-"]
[White "Scooter"]
[Black "kenneth m day"]
[Result "1/2-1/2"]
[WhiteCountry "USA"]
[BlackCountry "USA"]
[WhiteElo "1732"]
[WhiteRD "48"]
[BlackElo "1752"]
[BlackRD "52"]
[GameID "328760"]

1. d4 g6 2. Nf3 Bg7 3. Bf4 d6 4. e3 Nd7 5. Be2 Ngf6 6. O-O O-O 7. Nbd2 Re8 8. h3 e5 9. dxe5 dxe5 10. Bg5 h6
11. Bxf6 Qxf6 12. Ne4 Qc6 13. Nc3 a6 14. Qd5 Re6 15. Rad1 Rd6 16. Qc4 Qxc4 17. Bxc4 b5 18. Rxd6 cxd6 19. Bd5 Ra7 20. Ne4 Bf8
21. Bc6 Nb6 22. b3 Rc7 23. Nf6+ Kh8 24. Be4 Be7 25. Nd5 Nxd5 26. Bxd5 Bf6 27. Rc1 Kg7 28. c4 Bb7 29. Bxb7 Rxb7 30. cxb5 Rxb5
31. Rc6 Ra5 32. Rxd6 Rxa2 33. Rb6 Ra1+=
1/2-1/2

[Event "Lightning Chess For The Intermediate Player"]
[Site "SchemingMind.com"]
[Date "2013.03.21"]
[Round "-"]
[White "emvarela"]
[Black "Scooter"]
[Result "0-1"]
[WhiteCountry "ARG"]
[BlackCountry "USA"]
[WhiteElo "1765"]
[WhiteRD "48"]
[BlackElo "1740"]
[BlackRD "49"]
[GameID "328761"]

1. e4 c6 2. d4 d5 3. Nc3 dxe4 4. Nxe4 Bf5 5. Ng3 Bg6 6. h4 h6 7. Nf3 Nd7 8. h5 Bh7 9. Bd3 Bxd3 10. Qxd3 Qc7
11. Bd2 O-O-O 12. d5 Ne5 13. Nxe5 Qxe5+ 14. Ne2 Qxd5 15. Qxd5 Rxd5 16. O-O-O Nf6 17. Bc3 e6 18. Bxf6 gxf6 19. Rxd5 cxd5 20. Rd1 Bg7
21. Nd4 a6 22. f4 f5 23. Rd3 Bxd4 24. Rxd4 Rg8 25. Rd2 Rg4 26. Rf2 Rh4 27. Rf3 Rxh5 28. Rh3 Rxh3 29. gxh3 Kc7 30. Kd2 Kc6
31. Kd3 Kc5 32. c3 a5 33. a4 f6 34. b3 e5 35. fxe5 fxe5 36. Ke3 d4+
0-1

[Event "Lightning Chess For The Intermediate Player"]
[Site "SchemingMind.com"]
[Date "2013.03.19"]
[Round "-"]
[White "kenneth m day"]
[Black "Scooter"]
[Result "1-0"]
[WhiteCountry "USA"]
[BlackCountry "USA"]
[WhiteElo "1770"]
[WhiteRD "51"]
[BlackElo "1792"]
[BlackRD "53"]
[GameID "328762"]

1. e4 c6 2. c4 d5 3. cxd5 cxd5 4. exd5 Qxd5 5. Nc3 Qd8 6. d4 Nf6 7. Bc4 g6 8. Nf3 Bg7 9. Bg5 O-O 10. Qd2 Bg4
11. Ne5 Bf5 12. O-O e6 13. g4
1-0

[Event "Lightning Chess For The Intermediate Player"]
[Site "SchemingMind.com"]
[Date "2013.03.21"]
[Round "-"]
[White "ray winteringham"]
[Black "emvarela"]
[Result "0-1"]
[WhiteCountry "ENG"]
[BlackCountry "ARG"]
[WhiteElo "1539"]
[WhiteRD "50"]
[BlackElo "1765"]
[BlackRD "48"]
[GameID "328774"]

1. e4 e5 2. Nf3 Nc6 3. Bc4 Bc5 4. d3 Nf6 5. h3 d6 6. O-O h6 7. Be3 Bxe3 8. fxe3 Qe7 9. Nc3 O-O 10. Qd2 a6
11. a3 Be6 12. Bxe6 Qxe6 13. d4 exd4 14. exd4 Ne7 15. d5 Qd7 16. Rae1 c5 17. Na2 b5 18. b3 Ng6 19. Qc3 Rfe8 20. Nc1 Nxe4
21. Qd3 Nf4 22. Qd1 Nc3 23. Qd2 Ncxd5 24. Nh2 Rxe1 25. Rxe1 Qf5 26. Rf1 Qg6 27. Rxf4 Nxf4 28. Qxf4 Qxc2 29. Nf1 d5 30. Qd2 Qxd2
31. Nxd2 Re8 32. Nd3 Re2 33. Nf3 c4 34. bxc4 dxc4 35. Nde1 Ra2 36. Nd4 Rxa3 37. Nec2 Ra2 38. Nb4 Ra1+ 39. Kh2 a5 40. Nbc2 Ra2
41. Ne3 c3 42. Nec2 b4 43. Ne3 a4 44. Nec2 b3 45. Nb4 Rd2 46. Nf3 b2
0-1

[Event "Lightning Chess For The Intermediate Player"]
[Site "SchemingMind.com"]
[Date "2013.03.19"]
[Round "-"]
[White "ray winteringham"]
[Black "Scooter"]
[Result "0-1"]
[WhiteCountry "ENG"]
[BlackCountry "USA"]
[WhiteElo "1520"]
[WhiteRD "52"]
[BlackElo "1792"]
[BlackRD "53"]
[GameID "328775"]

1. e4 c6 2. d4 d5 3. exd5 cxd5 4. c4 Nf6 5. Nc3 e6 6. a3 Be7 7. Nf3 O-O 8. c5 Nc6 9. Be3 b6 10. Bb5 Bd7
11. O-O a6 12. Bxc6 Bxc6 13. b4 bxc5 14. bxc5 Bb5 15. Nxb5 axb5 16. a4 bxa4 17. Rxa4 Qc7 18. Rxa8 Rxa8 19. Ne5 h6 20. h3 Ne4
21. Qg4 Bg5 22. Nf3 Nf6
0-1

[Event "Lightning Chess For The Intermediate Player"]
[Site "SchemingMind.com"]
[Date "2013.03.18"]
[Round "-"]
[White "ray winteringham"]
[Black "kenneth m day"]
[Result "0-1"]
[WhiteCountry "ENG"]
[BlackCountry "USA"]
[WhiteElo "1514"]
[WhiteRD "50"]
[BlackElo "1752"]
[BlackRD "52"]
[GameID "328776"]

1. e4 g6 2. d4 Bg7 3. Nf3 d6 4. h3 Nc6 5. Bb5 Bd7 6. O-O a6 7. Bxc6 Bxc6 8. d5 Bd7 9. c3 Nf6 10. Nbd2 O-O
11. b3 c6 12. Rb1 cxd5 13. exd5 Nxd5 14. c4 Nc3 15. Qc2 Nxb1 16. Qxb1 Bf5 17. Ne4 Qb6 18. Be3 Qc6 19. Nfd2 Rad8 20. g4 Bc8
21. f3 f5 22. Ng3 f4 23. Bxf4 Rxf4 24. Nde4 Rdf8 25. Qd1 Qb6+ 26. Kh1 Qe3 27. Kg2 Bd7 28. Qd5+ Kh8 29. Qxb7 Rxf3 30. Rxf3 Qxf3+
31. Kh2 Be5 32. Qd5 Bxg3+ 33. Nxg3 Qf2+ 34. Qg2 Bc6 35. Qxf2 Rxf2+
0-1

[Event "Lightning Chess For The Intermediate Player"]
[Site "SchemingMind.com"]
[Date "2013.03.21"]
[Round "-"]
[White "emvarela"]
[Black "ray winteringham"]
[Result "1-0"]
[WhiteCountry "ARG"]
[BlackCountry "ENG"]
[WhiteElo "1765"]
[WhiteRD "48"]
[BlackElo "1539"]
[BlackRD "50"]
[GameID "328777"]

1. e4 g6 2. d4 Bg7 3. Nc3 d6 4. f4 e6 5. Nf3 b6 6. Bb5+ Nd7 7. Bxd7+ Bxd7 8. Be3 c5 9. dxc5 dxc5 10. Qd2 Qc7
11. O-O-O O-O-O 12. e5 f6 13. exf6 Nxf6 14. Qe2 Kb7 15. Ne5 Rhf8 16. Qf3+ Kb8 17. Nxd7+ Nxd7 18. Nb5 Qb7 19. Qxb7+ Kxb7 20. Nd6+ Kc6
21. Ne4 e5 22. fxe5 Nxe5 23. Ng5 Rf5 24. Rxd8 Nc4 25. Nxh7 Nxe3 26. Rg8 Rf7 27. Ng5 Rd7 28. Ne6 Bh6 29. Rxg6 Nf5+ 30. Nf4+ Rd6
31. Rxd6+ Kxd6 32. g3 Nd4 33. Kd1 Nf5 34. Re1 Bg7 35. Re6+ Kd7 36. c3 c4 37. Ke2 b5 38. Ra6 Kc7 39. Rxa7+ Kb6 40. Rf7 b4
41. Rxf5
1-0

[Event "Lightning Chess For The Intermediate Player"]
[Site "SchemingMind.com"]
[Date "2013.03.19"]
[Round "-"]
[White "Scooter"]
[Black "ray winteringham"]
[Result "1-0"]
[WhiteCountry "USA"]
[BlackCountry "ENG"]
[WhiteElo "1792"]
[WhiteRD "53"]
[BlackElo "1520"]
[BlackRD "52"]
[GameID "328778"]

1. d4 g6 2. Nf3 Bg7 3. Bf4 Nf6 4. e3 O-O 5. Be2 d6 6. O-O b6 7. h3 Bb7 8. Nbd2 Nbd7 9. Rb1 Rb8 10. c4 c5
11. d5 Ra8 12. b3 a5 13. Re1 e6 14. dxe6 fxe6 15. Bxd6 Rf7 16. Ne5 Nxe5 17. Bxe5 b5 18. cxb5 Qd5 19. Nf3 Qc6 20. bxc6
1-0

[Event "Lightning Chess For The Intermediate Player"]
[Site "SchemingMind.com"]
[Date "2013.03.18"]
[Round "-"]
[White "kenneth m day"]
[Black "ray winteringham"]
[Result "1-0"]
[WhiteCountry "USA"]
[BlackCountry "ENG"]
[WhiteElo "1770"]
[WhiteRD "51"]
[BlackElo "1520"]
[BlackRD "52"]
[GameID "328779"]

1. e4 e5 2. Nf3 Nc6 3. d4 exd4 4. c3 dxc3 5. Nxc3 Bb4 6. Bc4 h6 7. O-O Bxc3 8. bxc3 d6 9. Qb3 Qf6 10. Re1 Ne5
11. Nxe5 dxe5 12. Ba3 Ne7 13. Rad1 O-O 14. Re3 Be6 15. Bxe6 fxe6 16. Rf3 Qg5 17. Rxf8+ Rxf8 18. Qxe6+ Rf7 19. Rd8+ Kh7 20. Qxf7
1-0

[Event "Lightning Chess For The Intermediate Player"]
[Site "SchemingMind.com"]
[Date "2013.03.20"]
[Round "-"]
[White "Norsland"]
[Black "Scooter"]
[Result "0-1"]
[WhiteCountry "USA"]
[BlackCountry "USA"]
[WhiteElo "1761"]
[WhiteRD "71"]
[BlackElo "1740"]
[BlackRD "49"]
[GameID "328834"]

1. Nc3 Nf6 2. e4 e5 3. f4 d5 4. fxe5 Nxe4 5. Nf3 Be7 6. Bd3 Nc5 7. Bb5+ c6 8. d4 cxb5 9. dxc5 Bxc5 10. Qxd5 Qxd5
11. Nxd5 Na6 12. Bd2 O-O 13. O-O-O Bg4 14. a3 Rad8 15. Bc3 Be6 16. Nb4 Bxb4 17. axb4 Bg4 18. h3 Bxf3 19. gxf3 Nc7 20. Bd4 a6
21. Bc5 Rfe8 22. f4 Ne6 23. Be3 g6 24. Rd2 Rxd2 25. Kxd2 Rd8+ 26. Ke2 Nd4+ 27. Kd3 Nf5+
0-1

[Event "Lightning Chess For The Intermediate Player"]
[Site "SchemingMind.com"]
[Date "2013.03.20"]
[Round "-"]
[White "Norsland"]
[Black "kenneth m day"]
[Result "0-1"]
[WhiteCountry "USA"]
[BlackCountry "USA"]
[WhiteElo "1761"]
[WhiteRD "71"]
[BlackElo "1791"]
[BlackRD "48"]
[GameID "328835"]

1. Nc3 g6 2. e4 Bg7 3. f4 c5 4. Nf3 Nc6 5. Bb5 Nd4 6. Nxd4 cxd4 7. Ne2 a6 8. Bc4 e6 9. d3 b5 10. Bb3 Ne7
11. a4 Bb7 12. O-O O-O 13. Bd2 Nc6 14. c3 dxc3 15. bxc3 Na5 16. axb5 Nxb3 17. Qxb3 Qb6+ 18. Kh1 Qxb5 19. Qc2 Rfc8 20. Rfb1 Qc6
21. Rb4 Rab8 22. Rab1 d5 23. Qb2 Rc7
0-1

[Event "Lightning Chess For The Intermediate Player"]
[Site "SchemingMind.com"]
[Date "2013.03.20"]
[Round "-"]
[White "Norsland"]
[Black "ray winteringham"]
[Result "1-0"]
[WhiteCountry "USA"]
[BlackCountry "ENG"]
[WhiteElo "1918"]
[WhiteRD "116"]
[BlackElo "1514"]
[BlackRD "50"]
[GameID "328836"]

1. Nc3 g6 2. e4 Bg7 3. f4 e6 4. Nf3 Nf6 5. e5 Nh5 6. d4 d5 7. g4 Nf6 8. exf6 Qxf6 9. Qe2 Nc6 10. Nxd5 Qd8
11. Nc3 O-O 12. Be3 b6 13. O-O-O Bb7 14. Bg2 Qc8 15. Ne5 Qe8 16. h4 f6 17. Nxc6 Bxc6 18. Bxc6 Qxc6 19. Rh3 Rfe8 20. h5 gxh5
21. gxh5 h6 22. Qg4 Re7 23. Rg1 Qd7 24. Qg6 Qe8 25. Qxf6 Kh7 26. Qg6+ Kh8 27. f5 exf5 28. Nd5 Qxg6 29. hxg6 Rd8 30. Nxe7
1-0

[Event "Lightning Chess For The Intermediate Player"]
[Site "SchemingMind.com"]
[Date "2013.03.21"]
[Round "-"]
[White "emvarela"]
[Black "Norsland"]
[Result "1-0"]
[WhiteCountry "ARG"]
[BlackCountry "USA"]
[WhiteElo "1765"]
[WhiteRD "48"]
[BlackElo "1761"]
[BlackRD "71"]
[GameID "328837"]

1. e4 c5 2. Nf3 d6 3. d4 cxd4 4. Nxd4 Nf6 5. Nc3 a6 6. Be3 Ng4 7. Bg5 h6 8. Bh4 g5 9. Bg3 Bg7 10. h3 Nf6
11. Qf3 Qb6 12. O-O-O Nc6 13. Nxc6 Qxc6 14. Be2 Qc5 15. Nd5 Nxd5 16. exd5
1-0

[Event "Lightning Chess For The Intermediate Player"]
[Site "SchemingMind.com"]
[Date "2013.03.21"]
[Round "-"]
[White "Scooter"]
[Black "Norsland"]
[Result "0-1"]
[WhiteCountry "USA"]
[BlackCountry "USA"]
[WhiteElo "1748"]
[WhiteRD "50"]
[BlackElo "1986"]
[BlackRD "93"]
[GameID "328838"]

1. d4 Nf6 2. Nf3 Nc6 3. Bf4 e6 4. e3 d5 5. Bb5 Bd6 6. Bxd6 cxd6 7. O-O Qb6 8. Bxc6+ bxc6 9. b3 Ba6 10. Re1 Ne4
11. Nfd2 Nf6 12. c4 O-O 13. Nc3 c5 14. dxc5 dxc5 15. Rb1 Rad8 16. Na4 Qc7 17. Qc2 d4 18. exd4 cxd4 19. Nf3 Rfe8 20. Rbd1 e5
21. Nb2 Bb7 22. Ng5 h6 23. Nh3 e4 24. Rd2 Ng4 25. Rde2 Qxh2+ 26. Kf1 Qh1+ 27. Ng1 Nh2#
0-1

[Event "Lightning Chess For The Intermediate Player"]
[Site "SchemingMind.com"]
[Date "2013.03.20"]
[Round "-"]
[White "kenneth m day"]
[Black "Norsland"]
[Result "1-0"]
[WhiteCountry "USA"]
[BlackCountry "USA"]
[WhiteElo "1791"]
[WhiteRD "48"]
[BlackElo "1761"]
[BlackRD "71"]
[GameID "328839"]

1. e4 c5 2. d4 cxd4 3. c3 dxc3 4. Nxc3 Nc6 5. Nf3 Nf6 6. Bc4 e6 7. Qe2 d6 8. O-O Be7 9. Rd1 Bd7 10. Bf4 e5
11. Bg5 Bg4 12. h3 Bh5 13. Rac1 Nd4 14. Qe3 Bxf3 15. gxf3 a6 16. Ne2 Nxe2+ 17. Qxe2 Nh5 18. Be3 Bg5 19. Kh2 Nf4 20. Qf1 Qf6
21. Qg1 O-O 22. Qg4
1-0

[Event "Lightning Chess For The Intermediate Player"]
[Site "SchemingMind.com"]
[Date "2013.03.20"]
[Round "-"]
[White "ray winteringham"]
[Black "Norsland"]
[Result "0-1"]
[WhiteCountry "ENG"]
[BlackCountry "USA"]
[WhiteElo "1583"]
[WhiteRD "47"]
[BlackElo "1986"]
[BlackRD "93"]
[GameID "328840"]

1. e4 c5 2. Bc4 e6 3. Qf3 Nc6 4. Ne2 Ne5 5. Qb3 Nxc4 6. a3 Na5 7. Qa2 d5 8. f3 dxe4 9. fxe4 Qh4+ 10. Ng3 Bd6
11. O-O b6 12. d3 Nf6 13. Nd2 Bxg3 14. hxg3 Qxg3 15. Nf3 Ng4 16. Bd2 Nc6 17. Be1 Qc7 18. c3 Ba6 19. c4 Ne3 20. Rf2 Ng4
21. Re2 Nd4 22. Rd2 Qf4 23. b3 Nxf3+ 24. gxf3 Qxf3 25. Rg2 Rd8 26. Qb2 f6 27. Bg3 h5 28. Rd1 Ne3
0-1

[Event "Lightning Chess For The Intermediate Player"]
[Site "SchemingMind.com"]
[Date "2013.03.27"]
[Round "-"]
[White "mmccaffe"]
[Black "Scooter"]
[Result "0-1"]
[WhiteCountry "USA"]
[BlackCountry "USA"]
[WhiteElo "1515"]
[WhiteRD "63"]
[BlackElo "1748"]
[BlackRD "50"]
[GameID "329249"]

1. d4 Nf6 2. c4 g6 3. Nc3 Bg7 4. e4 d6 5. f3 O-O 6. Be3 e5 7. d5 c5 8. Bd3 Bd7 9. Nge2 a6 10. Qd2 Ne8
11. g4 Nc7 12. Bg5 Bf6 13. Bh6 Bg7 14. h4 b5 15. h5 b4 16. Nd1 Kh8 17. Bxg7+ Kxg7
0-1

[Event "Lightning Chess For The Intermediate Player"]
[Site "SchemingMind.com"]
[Date "2013.03.27"]
[Round "-"]
[White "mmccaffe"]
[Black "kenneth m day"]
[Result "0-1"]
[WhiteCountry "USA"]
[BlackCountry "USA"]
[WhiteElo "1515"]
[WhiteRD "63"]
[BlackElo "1720"]
[BlackRD "53"]
[GameID "329250"]

1. d4 g6 2. c4 Bg7 3. Nc3 d6 4. e4 e5 5. Nf3 exd4 6. Nxd4 Ne7 7. Be3 Nbc6 8. Be2 O-O 9. O-O Bd7 10. Qd2 f5
11. exf5 Nxf5 12. Nxf5 Bxf5 13. Bf3 Rb8 14. Bd5+ Kh8 15. Bxc6 bxc6 16. Bxa7 Rb7 17. Be3 Qh4 18. a4 Qxc4
0-1

[Event "Lightning Chess For The Intermediate Player"]
[Site "SchemingMind.com"]
[Date "2013.03.27"]
[Round "-"]
[White "mmccaffe"]
[Black "ray winteringham"]
[Result "1-0"]
[WhiteCountry "USA"]
[BlackCountry "ENG"]
[WhiteElo "1645"]
[WhiteRD "70"]
[BlackElo "1514"]
[BlackRD "50"]
[GameID "329251"]

1. d4 d5 2. c4 Nf6 3. Nc3 e6 4. Bg5 h6 5. Bh4 Be7 6. e3 b6 7. Bxf6 Bxf6 8. cxd5 exd5 9. Bd3 Bb7 10. Nf3 O-O
11. O-O Nc6 12. a3 Qd7 13. b4 a5 14. b5 Ne7 15. a4 Rad8 16. Qb3 Ng6 17. Rac1 Ne7 18. Ne2 c6 19. bxc6 Bxc6 20. Qxb6 Bxa4
21. Qxa5 Ra8 22. Qd2 Rfb8 23. Rc3 Rc8 24. Rfc1 Nc6 25. Ng3 g6 26. Bc2 Bb5 27. Rc5 Ra5 28. Rxc6 Rxc6 29. Qxa5 Bc4 30. Ba4 Bb5
31. Qa8+ Kh7 32. Rxc6 Bxc6 33. Qxc6
1-0

[Event "Lightning Chess For The Intermediate Player"]
[Site "SchemingMind.com"]
[Date "2013.03.27"]
[Round "-"]
[White "Scooter"]
[Black "mmccaffe"]
[Result "1-0"]
[WhiteCountry "USA"]
[BlackCountry "USA"]
[WhiteElo "1748"]
[WhiteRD "50"]
[BlackElo "1515"]
[BlackRD "63"]
[GameID "329254"]

1. d4 Nf6 2. Nf3 g6 3. Bf4 Bg7 4. e3 O-O 5. Be2 d6 6. O-O Nbd7 7. h3 c5 8. c3 b6 9. Nbd2 Bb7 10. Re1 Ne4
11. Bd3 Nxd2 12. Nxd2 a6 13. Qc2 d5 14. dxc5 bxc5 15. Be2
1-0

[Event "Lightning Chess For The Intermediate Player"]
[Site "SchemingMind.com"]
[Date "2013.03.27"]
[Round "-"]
[White "kenneth m day"]
[Black "mmccaffe"]
[Result "1-0"]
[WhiteCountry "USA"]
[BlackCountry "USA"]
[WhiteElo "1720"]
[WhiteRD "53"]
[BlackElo "1515"]
[BlackRD "63"]
[GameID "329255"]

1. e4 c5 2. d4 cxd4 3. c3 dxc3 4. Nxc3 Nc6 5. Nf3 a6 6. Bc4 e6 7. O-O Qc7 8. Re1 d6 9. Bf4 e5 10. Bg5 Be7
11. Rc1 Be6 12. Bxe6 fxe6 13. Bxe7 Qxe7 14. Na4 Nf6 15. Qb3 O-O 16. Ng5
1-0

[Event "Lightning Chess For The Intermediate Player"]
[Site "SchemingMind.com"]
[Date "2013.03.27"]
[Round "-"]
[White "ray winteringham"]
[Black "mmccaffe"]
[Result "1-0"]
[WhiteCountry "ENG"]
[BlackCountry "USA"]
[WhiteElo "1583"]
[WhiteRD "47"]
[BlackElo "1515"]
[BlackRD "63"]
[GameID "329256"]

1. e4 c5 2. Nc3 Nc6 3. Bc4 d6 4. Qf3 Ne5 5. Qe2 Nxc4 6. Qxc4 e6 7. Nf3 Nf6 8. O-O a6 9. h3 Qc7 10. b3 b5
11. Qe2 e5 12. d3 Bb7 13. a3 Be7 14. Be3 O-O 15. Nh2 c4 16. Bd2 cxb3 17. cxb3 d5 18. f4 exf4 19. Bxf4
1-0

[Event "Lightning Chess For The Intermediate Player"]
[Site "SchemingMind.com"]
[Date "2013.03.28"]
[Round "-"]
[White "private napoleon"]
[Black "mmccaffe"]
[Result "1-0"]
[WhiteCountry "ENG"]
[BlackCountry "USA"]
[WhiteElo "1840"]
[WhiteRD "61"]
[BlackElo "1515"]
[BlackRD "63"]
[GameID "329363"]

1. b3 Nf6 2. Bb2 g6 3. c4 Bg7 4. Nc3 O-O 5. d4 d6 6. e4 c5 7. d5 Na6 8. f3 Nc7 9. Nge2 a6 10. Nf4 Bd7
11. Qc2 Rb8 12. a4 b5 13. axb5
1-0

[Event "Lightning Chess For The Intermediate Player"]
[Site "SchemingMind.com"]
[Date "2013.03.29"]
[Round "-"]
[White "private napoleon"]
[Black "Norsland"]
[Result "1-0"]
[WhiteCountry "ENG"]
[BlackCountry "USA"]
[WhiteElo "1840"]
[WhiteRD "61"]
[BlackElo "1986"]
[BlackRD "93"]
[GameID "329364"]

1. e4 c5 2. Nf3 d6 3. d4 cxd4 4. Nxd4 Nf6 5. Nc3 a6 6. Bc4 e6 7. Bb3 b5 8. a3 Bb7 9. O-O Nc6 10. Be3 Be7
11. Kh1 Rc8 12. Qd2 Nxd4 13. Qxd4 O-O 14. Rad1 Rxc3 15. Qxc3 Nxe4 16. Qe1 Qc7 17. f3
1-0

[Event "Lightning Chess For The Intermediate Player"]
[Site "SchemingMind.com"]
[Date "2013.03.30"]
[Round "-"]
[White "private napoleon"]
[Black "emvarela"]
[Result "1/2-1/2"]
[WhiteCountry "ENG"]
[BlackCountry "ARG"]
[WhiteElo "1818"]
[WhiteRD "62"]
[BlackElo "1761"]
[BlackRD "48"]
[GameID "329365"]

1. b3 e5 2. Bb2 Nc6 3. c4 Nf6 4. Nc3 d5 5. cxd5 Nxd5 6. e4 Nxc3 7. dxc3 Qxd1+ 8. Rxd1 Bd6 9. Bc4 Ke7 10. Nf3 Bg4
11. Be2 Rad8 12. O-O Bxf3 13. Bxf3 g6 14. c4 Bc5 15. Rxd8 Rxd8 16. Rd1 Rxd1+ 17. Bxd1 Nb4 18. Bxe5 Nxa2 19. Bxc7 Nc3 20. Bf3 a6
21. Kf1 h5 22. Be5 Nb1 23. Ke1 Ke6 24. Bb2 Bb4+ 25. Kd1 Nd2 26. Kc2 Nxf3 27. gxf3 Bc5 28. Kd3 Bxf2 29. Bc3 f6 30. b4 b6
31. Bd2 g5 32. h3 Bg1 33. Be1 h4 34. Bc3 Bf2 35. Ke2 Bg1 36. Kf1 Be3 37. Ke2 Bg1=
1/2-1/2

[Event "Lightning Chess For The Intermediate Player"]
[Site "SchemingMind.com"]
[Date "2013.03.28"]
[Round "-"]
[White "private napoleon"]
[Black "Scooter"]
[Result "1-0"]
[WhiteCountry "ENG"]
[BlackCountry "USA"]
[WhiteElo "1822"]
[WhiteRD "67"]
[BlackElo "1732"]
[BlackRD "48"]
[GameID "329366"]

1. e4 c6 2. d4 d5 3. e5 Bf5 4. h4 h6 5. Bd3 Bxd3 6. Qxd3 e6 7. Nf3 Nd7 8. c3 c5 9. O-O Be7 10. Re1 cxd4
11. cxd4 Bxh4 12. Nc3 a6 13. Bd2 Be7 14. Rac1 Bb4 15. Nxd5 Bxd2 16. Nc7+ Kf8 17. Nxd2 Rc8 18. Qa3+ Ne7 19. Qc3 Nd5 20. Nxe6+
1-0

[Event "Lightning Chess For The Intermediate Player"]
[Site "SchemingMind.com"]
[Date "2013.03.28"]
[Round "-"]
[White "private napoleon"]
[Black "kenneth m day"]
[Result "0-1"]
[WhiteCountry "ENG"]
[BlackCountry "USA"]
[WhiteElo "1822"]
[WhiteRD "62"]
[BlackElo "1791"]
[BlackRD "48"]
[GameID "329367"]

1. e4 g6 2. Bc4 Bg7 3. Nc3 d6 4. d4 e6 5. Bb3 Ne7 6. f4 O-O 7. Nf3 c5 8. d5 exd5 9. exd5 Bg4 10. O-O Nd7
11. h3 Bxf3 12. Qxf3 Nf5 13. Bd2 Nd4 14. Qd1 Re8 15. a3 Nf6 16. Ba2 Qd7 17. Rc1 Rac8 18. Re1 Qf5 19. g4 Qd7 20. Rxe8+ Rxe8
21. Qf1 Qe7 22. Re1 Qd8 23. Bb1 Nd7 24. Be3 Qh4 25. Bf2 Nf3+ 26. Kh1 Rxe1 27. Bxh4 Rxf1+ 28. Kg2 Rxb1
0-1

[Event "Lightning Chess For The Intermediate Player"]
[Site "SchemingMind.com"]
[Date "2013.03.29"]
[Round "-"]
[White "mmccaffe"]
[Black "private napoleon"]
[Result "0-1"]
[WhiteCountry "USA"]
[BlackCountry "ENG"]
[WhiteElo "1515"]
[WhiteRD "63"]
[BlackElo "1840"]
[BlackRD "61"]
[GameID "329369"]

1. e4 c5 2. Nf3 d6 3. d4 cxd4 4. Nxd4 Nf6 5. Nc3 g6 6. Be3 Bg7 7. Be2 O-O 8. O-O Nc6 9. Qd2 Re8 10. Nxc6 bxc6
11. Bh6 Bh8 12. h3 Bb7 13. Kh1 c5
0-1

[Event "Lightning Chess For The Intermediate Player"]
[Site "SchemingMind.com"]
[Date "2013.03.29"]
[Round "-"]
[White "Norsland"]
[Black "private napoleon"]
[Result "0-1"]
[WhiteCountry "USA"]
[BlackCountry "ENG"]
[WhiteElo "1761"]
[WhiteRD "71"]
[BlackElo "1822"]
[BlackRD "62"]
[GameID "329370"]

1. Nc3 g6 2. d4 Bg7 3. Nf3 d5 4. e4 c6 5. e5 Bf5 6. Nh4 Qd7 7. Nxf5 Qxf5 8. Bd3 Qd7 9. f4 e6 10. Qf3 Ne7
11. Be3 Nf5 12. Bf2 h5 13. O-O-O b5 14. h3 a5 15. g4 hxg4 16. hxg4 Nh6 17. Qe2 a4 18. a3 b4 19. axb4 Qb7 20. b5 a3
0-1

[Event "Lightning Chess For The Intermediate Player"]
[Site "SchemingMind.com"]
[Date "2013.03.30"]
[Round "-"]
[White "emvarela"]
[Black "private napoleon"]
[Result "0-1"]
[WhiteCountry "ARG"]
[BlackCountry "ENG"]
[WhiteElo "1779"]
[WhiteRD "51"]
[BlackElo "1840"]
[BlackRD "61"]
[GameID "329371"]

1. e4 c5 2. Nf3 d6 3. d4 cxd4 4. Nxd4 Nf6 5. Nc3 g6 6. Be3 Bg7 7. f3 O-O 8. Qd2 Nc6 9. O-O-O d5 10. exd5 Nxd5
11. Nxc6 bxc6 12. Nxd5 cxd5 13. Qxd5 Qc7 14. Qb3 Rb8
0-1